000 00471nam a2200169Ia 4500
999 _c23331
_d23331
003 OSt
005 20200214151606.0
008 190216s9999||||xx |||||||||||||| ||und||
020 _a9788192895208
040 _coclc
082 _a920
_bKHA/K
100 _aKhalid, P
_91998
245 0 _aK M Seethi Sahib /
_cP Khalid
260 _bGrace Educational Association,
_c2014.
_aMalappuram:
300 _a304p
942 _cBK
_2ddc
_h920
_iKHA/K
_k920
_mKHA/K